Hàm lượng dinh dưỡng trong nước thải Biogas kết hợp mô hình nuôi heo - trăn - nhà vệ sinh : Luận văn tốt nghiệp Đại học. Chuyên ngành Khoa học Môi trường
Nghiên cứu xác định tải lượng các chất dinh dưỡng trong nước thải biogas của mô hình nuôi heo - trăn - nhà vệ sinh làm cơ sở cho việc tận dùng nguồn nước thải biogas để nuôi cá.
में बचाया:
| मुख्य लेखक: | |
|---|---|
| स्वरूप: | पुस्तक |
| भाषा: | Undetermined |
| प्रकाशित: |
Cần Thơ
Trường Đại học Cần Thơ
2010
|
| विषय: | |
| टैग : |
टैग जोड़ें
कोई टैग नहीं, इस रिकॉर्ड को टैग करने वाले पहले व्यक्ति बनें!
|
| Thư viện lưu trữ: | Trung tâm Học liệu Trường Đại học Cần Thơ |
|---|
| LEADER | 01227nam a2200205Ia 4500 | ||
|---|---|---|---|
| 001 | CTU_168109 | ||
| 008 | 210402s9999 xx 000 0 und d | ||
| 082 | |a 628.4 | ||
| 082 | |b Nh550 | ||
| 100 | |a Nguyễn, Thị Huỳnh Như | ||
| 245 | 0 | |a Hàm lượng dinh dưỡng trong nước thải Biogas kết hợp mô hình nuôi heo - trăn - nhà vệ sinh : | |
| 245 | 0 | |b Luận văn tốt nghiệp Đại học. Chuyên ngành Khoa học Môi trường | |
| 245 | 0 | |c Nguyễn Thị Huỳnh Như; Nguyễn Văn Công, Trần Sỹ Nam (Cán bộ hướng dẫn) | |
| 260 | |a Cần Thơ | ||
| 260 | |b Trường Đại học Cần Thơ | ||
| 260 | |c 2010 | ||
| 520 | |a Nghiên cứu xác định tải lượng các chất dinh dưỡng trong nước thải biogas của mô hình nuôi heo - trăn - nhà vệ sinh làm cơ sở cho việc tận dùng nguồn nước thải biogas để nuôi cá. | ||
| 650 | |a Agricultural waste,Recycling (Waste, etc.),Biogas,Rác thải nông nghiệp,Tái chế (thải, vv.),Hầm ủ biogas | ||
| 904 | |i Năm | ||
| 980 | |a Trung tâm Học liệu Trường Đại học Cần Thơ | ||